000 01034nam a2200301 c 4500
999 _c115251
_d115251
003 BLK
005 20201007040430.0
008 180409b bul|||||r ||||||| ||bul||
010 _aKNG00120728000
040 _aBLK
041 _aENG
_cENG
080 _aХудожествено изработени мебели, отопителни прибори и осветителни тела
_b749
_z749
100 1 _aBeard, Geoffrey
_eпърви автор
_94719
139 _aBeard, Geoffrey
_bБ 46
_fВ 34
_gБ 46 Д
245 1 0 _aThe national trust book of english furniture
_cGeoffrey Beard.
257 _aUSA
260 _bPenguin Books
_c1985
300 _a295 с.
_bс ил.
_c21 см
380 _a7
650 4 _aМебели - история
_9270669
653 _aмебели
653 _aантиквариат
700 _aБиърд, Джефри
_eпърви автор
_91299
852 _aЦб 162064
856 4 _qpdf
856 4 _qpdf
942 _cKNG
_n0
_s1
944 _aCR
_c11.01.2011
_lдобави в АБ / 10.01.2011
_kИрена_Линкова
944 _aED
_c19.09.2012
_lдобави в АБ / 10.01.2011
999 _d115251